000 00794nam a22002057a 4500
999 _c5094
_d5094
003 AR-CdUCM
008 190312b ||||| |||| 00| 0 spa d
040 _aMUNICIPALIDAD PROVINCIAL DEL CUSCO
_cBIBLIOTECA MUNICIPAL DEL CUSCO
082 _a329.85 /
_bL29
100 _aLauer, Mirko
_91114
245 _aEl reformismo burgués :
_b(1968-1976) /
260 _aLima :
_bMosca Azul,
_c1978.
300 _a253 páginas ;
_c20 cm.
505 _aContenido: El programa del Velasquismo -- Economía y clases sociales en el Velasquismo -- Velasquismo y programa político -- Izquierda y Velasquismo, unidad de la fuerza armada -- Las posiciones de la izquierda ...
650 _aPolítica
_9291
650 _aPerú
_935
650 _aReformismo Burgues
_915503
942 _2ddc
_cLIBROS
945 _aachl